| 000 | 01160nam a2200301 i 4500 | ||
|---|---|---|---|
| 003 | EG-GICUC | ||
| 005 | 20260316123721.0 | ||
| 008 | 260316s1947 ua d|||fr|||| 00| 0 ara d | ||
| 040 |
_a EG-GICUC _bara _c EG-GICUC _d EG-GICUC _erda |
||
| 041 | 0 | _aAra | |
| 082 | 0 | 4 |
_221 _a343.3311 _bم ح . ب |
| 092 | 0 | 4 | _221 |
| 099 | _aLaw1 10 343.3311 م ح . ب 1947 | ||
| 100 | 0 |
_aمحمد جوده القاضى الأسدى الشريف _eمؤلف. |
|
| 245 | 1 | 2 |
_aالبيان والتوضيحات فى استكمال تعليمات النيابات / _cتأليف محمد جوده القاضى الأسدى الشريف. |
| 264 | 3 |
_aأسيوط : _bمطبعة مؤسسة تربية البنين، _c1947. |
|
| 300 |
_a498 صفحة : _b؛جداول _c24 سم. |
||
| 336 |
_2rda content _atext |
||
| 337 |
_2rda media _aComputer |
||
| 338 |
_2rda carrier _aOnline Resource |
||
| 546 | _aالنص باللغة العربية | ||
| 650 | 1 |
_aالنيابة العامة _2qrmak |
|
| 650 | 1 |
_aالقانون الجنائى _2qrmak |
|
| 651 | 1 | _2qrmak | |
| 856 | 4 | 0 | _uhttps://fll.law.cu.edu.eg/fulltext/bks/B10-05665.pdf |
| 905 | _a54 | ||
| 942 |
_2ddc _cBK _e21 _n0 |
||
| 999 |
_c66376 _d66376 |
||